| 000 | 01555nam a22002897a 4500 | ||
|---|---|---|---|
| 001 | 5288 | ||
| 003 | FISKH | ||
| 005 | 20241122154331.0 | ||
| 008 | 241122b cb ||||| |||| 00| 0 eng d | ||
| 020 | _a9780552565769 | ||
| 040 |
_aFISKH _beng _cFISKH _dFISKH |
||
| 050 | _aPZ7.B69677 | ||
| 082 | _a823.92 | ||
| 100 | _aBoyne, John | ||
| 245 |
_aThe Terrible Thing That Happened to Barnaby Brocket / _cby John Boyne : illustrated by Oliver Jeffers |
||
| 260 |
_aLondon : _bCorgi ; _c2012. |
||
| 300 |
_a277 pages : _billustrations ; _c20 cm . |
||
| 505 | _aZ | ||
| 520 | _aFantasy. Juvenile Fiction. Juvenile Literature. HTML: Barnaby Brocket is an ordinary 8-year-old boy in most ways, but he was born different in one important way: he floats. Unlike everyone else, Barnaby does not obey the law of gravity. His parents, who have a horror of being noticed, want desperately for Barnaby to be normal, but he can't help who he is. And when the unthinkable happens, Barnaby finds himself on a journey that takes him all over the world. From Brazil to New York, Canada to Ireland, and even to space, the floating boy meets all sorts of different people--and discovers who he really is along the way. This whimsical novel will delight middle graders, and make readers of all ages question the meaning of normal. . | ||
| 521 | 8 |
_a980
_bLexile |
|
| 521 | 8 |
_aZ
_bRaz-Plus |
|
| 650 |
_aadventure _vfiction |
||
| 650 |
_abeing different _vfiction |
||
| 700 |
_aJeffers, Oliver _eillustrator |
||
| 942 |
_2ddc _cBK _n0 |
||
| 999 |
_c5288 _d5288 |
||